Chansons les plus streamées : Maurane - Statistiques

Statistiques générales
  • Ce quiz a été pris 26 fois
    10 depuis la dernière actualisation
  • Le résultat moyen est 3 sur 10
Statistiques - réponses
Nb de streams Chanson % Correct
22 500 000 Tu es mon autre (avec Lara Fabian)
89%
15 500 000 Sur un prélude de Bach
78%
1 500 000 Toutes les mamas
56%
1 000 000 Ça casse
33%
1 800 000 Les Uns Contre Les Autres
22%
1 200 000 Mentir
22%
1 200 000 Trop forte
22%
1 100 000 Chanson de l'autruche
11%
1 000 000 Quand on n'a que l'amour
11%
1 100 000 Si aujourd'hui
0%
Aucun quiz correspondant
Distribution des résultats
% des personnes avec chaque résultat
Percentile par nombre de réponses
Votre historique - résultats
Vous n’avez pas pris ce quiz depuis la dernière actualisation